000 00805nam a2200193 i 4500
001 39359
003 ES-MaACL
005 20230906155946.0
007 t|
008 030227s1892 sp ||||1| spa d
100 0 _aCalleja García, Camilo.
_933726
245 1 0 _aIntroducción a la fisiología
_b: programa razonado de una nueva teoría de la constitución y funciones del cosmos unificando las ciencias físico-naturales /
_cpor Camilo Calleja.
260 _aMadrid :
_b[s.n.],
_c1892 (
_fImp. de Enrique Teodoro)
300 _a937 p. ;
_c24 cm.
530 _aDisponible también en sitio web.
650 4 _aFisiología.
_9136120
852 _aES-MaACL
_jB-11377
856 _uhttp://bibliotecadigitalhispanica.bne.es:80/webclient/DeliveryManager?pid=1679963&custom_att_2=simple_viewer
_zIr a la página
999 _c39359
_d39359